| 000 | 00821nam a22002531a 4500 | ||
|---|---|---|---|
| 001 | 000061333 | ||
| 005 | 20200120223956.0 | ||
| 008 | 130212s2004 ck er 001 j spa | ||
| 020 | _a978958581094 | ||
| 041 | 1 | _aJspa | |
| 090 |
_aAC _bLONcud |
||
| 100 | 1 |
_aLondon, Jack _d1876-1916 |
|
| 245 | 1 | 3 |
_aCuando los dioses ríen / _cJack London ; traducción de José Luis Piquero. |
| 250 | _a2a. ed. | ||
| 260 |
_aBogotá : _bEl libro Universal, _c2004. |
||
| 300 |
_a204 p. ; _c20 cm. |
||
| 500 | _aEj.1 de la Biblioteca Madrid ISBN: 9789585810914. , 2a. ed. del año 2013. | ||
| 650 | 0 |
_aLiteratura estadounidense _ySiglo XX-XXI |
|
| 650 | 1 | 7 | _aCuento estadounidense |
| 650 | 2 | 7 | _aLiteratura adulto |
| 650 | 2 | 7 | _aAmor en la literatura |
| 650 | 2 | 7 | _aDioses en la literatura |
| 700 | 1 |
_aPiquero, José Luis _etraductor |
|
| 999 |
_c7688 _d7688 |
||